| 000 | 01575cam a2200409 a 4500 | ||
|---|---|---|---|
| 001 | 2600114 | ||
| 003 | OSt | ||
| 005 | 20140310184442.0 | ||
| 008 | 971028s1998 nyu c 000 1 eng | ||
| 010 | _a 97045011 | ||
| 020 | _a0374332657 | ||
| 040 |
_aDLC _cDLC _dDLC |
||
| 042 | _alcac | ||
| 050 | 0 | 0 |
_aPZ 7 _b.Sa1185Ho 2000 |
| 100 | 1 |
_aSachar, Louis, _d1954- _927530 |
|
| 245 | 1 | 0 |
_aHoles / _cLouis Sachar. |
| 250 | _a1st ed. | ||
| 260 |
_aNew York : _bFarrar, Straus and Giroux, _c2000 |
||
| 300 |
_a233 p. ; _c22 cm. |
||
| 500 | _a"Frances Foster books." | ||
| 520 | _aAs further evidence of his family's bad fortune which they attribute to a curse on a distant relative, Stanley Yelnats is sent to a hellish correctional camp in the Texas desert where he finds his first real friend, a treasure, and a new sense of himself. | ||
| 521 | _aG4 | ||
| 526 | _c660 | ||
| 541 | _j1 | ||
| 586 | _aNewbery Medal, 1999. | ||
| 650 | 1 |
_aJuvenile delinquency _xFiction. _927531 |
|
| 650 | 1 |
_aHomeless persons _xFiction. _927532 |
|
| 650 | 1 |
_aFriendship _xFiction. _927533 |
|
| 650 | 1 |
_aBuried treasure _xFiction. _927534 |
|
| 856 | 4 | 2 |
_3Publisher description _uhttp://www.loc.gov/catdir/enhancements/fy0601/97045011-d.html |
| 906 |
_a7 _bcbu _corignew _d1 _eocip _f19 _gy-gencatlg |
||
| 942 |
_2lcc _cBK-SCHOLAS |
||
| 999 |
_c34465 _d34465 |
||